000 00341 a2200157 4500
001 51628
020 _a
040 _cAnchieta - Pituba
100 _aSOUZA, Guilherme Embiruçu de
240 1 0 _a1ª Quimica, III unidade
_lpor
245 1 0 _a1ª Quimica, III unidade
300 _a6
362 0 _a2007
650 4 _aQuímica
942 _cBK
999 _c51628
_d51628